| 000 | 00865nam a2200229Ia 4500 | ||
|---|---|---|---|
| 003 | GCL | ||
| 008 | 140319s9999 xx 000 0 ara d | ||
| 020 | _a661201977 | ||
| 040 |
_aGCL / _cGCL |
||
| 082 | 0 | 4 |
_a811.003 _bو ق |
| 100 | 1 | _aوفاء كامل فايد | |
| 245 | 1 | 0 |
_aقصيدة الرثاء بين شعراء الاتجاه المحافظ ومدرسة الديوان : _bدراسة اسلوبية احصائية / _cوفاء كامل فايد |
| 250 | _aد0ط | ||
| 260 |
_aالقاهرة : _bالهيئة المصرية العامة للكتاب ، _c2000 |
||
| 300 |
_a286 ص ؛ _c24 سم |
||
| 650 | 0 | 4 | _aالاسلوب الادبى |
| 650 | 0 | 4 | _aشعر الرثاء |
| 650 | 0 | 4 | _aالشعراء العرب |
| 650 | 0 | 4 | _aالشعر العربى - تاريخ ونقد |
| 650 | 0 | 4 | _aشعر الرثاء - تاريخ ونقد |
| 942 |
_2ddc _cBK |
||
| 999 |
_c8747 _d8747 |
||